| 000 | 003720000a22001570004500 | ||
|---|---|---|---|
| 003 | MACL | ||
| 040 | _aMACL | ||
| 090 |
_c45779 _d45777 |
||
| 100 | _aKumar Dr.Naresh | ||
| 245 | _aEmerging Trends In Educational Development | ||
| 260 |
_aDelhi _bYogi Publication _c2010 |
||
| 350 | _a495.00 | ||
| 650 | _achildreen Book | ||
| 942 |
_cBOOK _k741.642 |
||
| 951 | _o741.642 BOOK | ||
| 999 |
_c45307 _d45307 |
||